| 000 | 01335nam0a22003371 4500 | ||
|---|---|---|---|
| 001 | rc\2150805 | ||
| 005 | 20250623022537.0 | ||
| 035 | _a(NLR Aleph) 006528845 | ||
| 090 |
_a6511204 _c6511204 |
||
| 100 | _a20110826d1979 |||y0rusy50 ca | ||
| 101 | 0 | _arus | |
| 102 | _aRU | ||
| 105 | _aa j ||||| | ||
| 200 | 1 |
_aОгнеупорная кладка промышленных печей _e[Учебник для сред. ПТУ] |
|
| 205 | _a3-е изд., перераб. и доп. | ||
| 210 |
_aМосква _cВысш. школа _d1979 |
||
| 215 |
_a272 с. _cил. _d22 |
||
| 225 | 1 |
_aПрофтехобразование _iСтроительные работы |
|
| 606 |
_aПромышленные печи _jУчебники и пособия _xКладка _2psbo |
||
| 606 |
_aОгнеупоры _jУчебники и пособия _2psbo |
||
| 686 |
_a38.728 _2rubbk |
||
| 686 |
_aН625.712я723-1 _2rubbk |
||
| 700 | 1 |
_aСеребренников _bС. С. _cинженер-строитель, пром. печи _gСергей Сергеевич _9142711 _3RU\NLR\AUTH\770142747 |
|
| 701 | 1 |
_aИжорин _bМ.Н. _gМихаил Николаевич |
|
| 801 | 0 |
_aRU _bNLR _gpsbo |
|
| 801 | 1 |
_aRU _bELAR _2rusmarc |
|
| 852 |
_aNLR _j79-5/3435 |
||
| 899 |
_aRuMoRGB _jM 79-3/262 |
||
| 942 | _cBOOK | ||
| 980 | _aNB | ||